000 00721nam a2200229Ia 4500
005 20250425161507.0
008 250425s9999 xx 000 0 und d
041 _aeng
082 _a623.81
_pROS
100 _aRossell, Henry E.
245 0 _aPrinciples Of Naval Architecture. Volume Two
_cHenry E. Rossell; Lawrence B. Chapman
250 _a11Th. Edition
_bReimpreso
260 _aNew York
_bTHE SOCIETY OF NAVAL ARCHITECTS AND MARINE ENGINEERS
_c1958
300 _a242 p.
_c27.5 cm.
500 _aTabla de contenido, índice
650 _aArquitectura Naval
650 _aPropulsión y Hélices
650 _aResistencia y Poder
700 _aChapman, Lawrence B.
_eCoautor
942 _c01
010 _a21522
999 _c210347
_d210347